Presidential Politics II Quiz Stats

 Plays Quiz Updated Mar 15, 2018

Challenge
Share
Tweet
Embed
Score 0/14 Timer 03:00
12 Plays Today
Question Answer Wrong Answers
Which United States president was also Supreme Commander of the Allied Expeditionary Forces during World War II? Dwight Eisenhower
95.2%
Richard Nixon
0.6%
John F. Kennedy
0.8%
Ronald Reagan
0.6%
During a speech in 1912, what did Theodore Roosevelt do after being shot? Finish his speech
94.5%
Go to the hospital
1%
Bleed to death
0.4%
Get surgery on stage
1.2%
Who is the only president to have been elected unanimously? George Washington
92.4%
Abraham Lincoln
2.1%
Thomas Jefferson
1.2%
John Adams
1.3%
Which United States president was appointed Union Army General in March of 1864? Ulysses S. Grant
92%
John Adams
1.1%
Robert E. Lee
2.7%
Stonewall Jackson
1.4%
Which of the following lists represent the 15th, 16th, and 17th United States presidents? Buchanan, Lincoln, Johnson
87.7%
Coolidge, Truman, Hoover
1.8%
Roosevelt, McKinley, Hayes
3%
Monroe, Madison, Garfield
4.6%
Who was president when the United States entered World War I? Woodrow Wilson
86.7%
Theodore Roosevelt
5.4%
Franklin Roosevelt
4.9%
Abraham Lincoln
0.3%
Which presidential duo served the most combined time in office? Franklin Roosevelt and Dwight Eisenhower
86%
Franklin Roosevelt and Jimmy Carter
5%
Theodore Roosevelt and James Madison
3.2%
Theodore Roosevelt and Calvin Coolidge
3%
Who is the only United States president to hold office after not being elected to either the presidency or vice presidency? Gerald Ford
82.4%
Richard Nixon
2.4%
Andrew Johnson
9.6%
Woodrow Wilson
2.7%
Lyndon Johnson was a United States Senator from which state? Texas
82.4%
California
3.2%
Alabama
5.4%
Tennessee
6.2%
Who ran against Franklin Roosevelt in the 1944 presidential election? Thomas Dewey
75.9%
Harry Truman
10.9%
Richard Nixon
1.4%
Herbert Hoover
9.1%
Which two candidates represented the Republicans and Democrats in the 1980 presidential election? Ronald Reagan and Jimmy Carter
74.9%
Ronald Reagan and Walter Mondale
16.8%
George H.W. Bush and Jimmy Carter
3.4%
George H.W. Bush and Walter Mondale
2.1%
Who was the United States president when Minnesota became a state in 1858? James Buchanan
65.2%
Abraham Lincoln
7.4%
Franklin Pierce
13.1%
James Polk
11.4%
Which of the following United States presidents served exactly one term? Herbert Hoover
59.6%
George W. Bush
12%
Andrew Jackson
8%
Andrew Johnson
17.7%
Which of these presidents received a Nobel Peace Prize? Woodrow Wilson
58.7%
William Taft
2.9%
John F. Kennedy
30.1%
Herbert Hoover
5.4%

You're not logged in!

Compare scores with friends on all Sporcle quizzes.
OR
Log In

You Might Also Like...

Show Comments

Extras

Top Quizzes Today


Score Distribution

Your Account Isn't Verified!

In order to create a playlist on Sporcle, you need to verify the email address you used during registration. Go to your Sporcle Settings to finish the process.

Report this User

Report this user for behavior that violates our Community Guidelines.

Details: